What Was That - Lorde paroles - Statistiques

Statistiques générales
  • Ce quiz a été pris 6 fois
  • Le résultat moyen est 284 sur 344
Statistiques - réponses
Réponse % Correct
A
100%
a
100%
all
100%
All
100%
and
100%
And
100%
baby,
100%
Baby,
100%
back
100%
be
100%
best
100%
city
100%
do
100%
Do
100%
for
100%
hours
100%
I
100%
(I
100%
in
100%
is
100%
It
100%
it
100%
just
100%
kissed
100%
l
100%
life"
100%
like
100%
me
100%
my
100%
of
100%
place
100%
remember
100%
sayin'
100%
straight,
100%
that?
100%
that
100%
That
100%
the
100%
"This
100%
this
100%
up
100%
want
100%
was
100%
we
100%
We
100%
wear
100%
well,
100%
Well,
100%
what
100%
What
100%
When
100%
(When
100%
you
100%
You
100%
bed
80%
blow
80%
can
80%
can't
80%
chair
80%
cigarette
80%
cover
80%
I'm
80%
Make
80%
make
80%
MDMA
80%
mirrors
80%
myself
80%
Oh,
80%
oh
80%
our
80%
out
80%
pupils
80%
see
80%
then,
80%
then
80%
things
80%
to
80%
(To
80%
used
80%
we're
80%
yet
80%
affairs
60%
alone
60%
comes
60%
current
60%
didn't
60%
dream,
60%
eat
60%
enough,
60%
everything
60%
face
60%
from
60%
garden,
60%
gave
60%
go
60%
had
60%
happenin'
60%
Indio
60%
into
60%
knocks
60%
know
60%
light,
60%
meal
60%
might
60%
missin'
60%
Now,
60%
over
60%
reality
60%
sea
60%
seventeen,
60%
Since
60%
smoke
60%
Step
60%
still
60%
street,
60%
tried
60%
tried)
60%
veil
60%
wake
60%
wedding
60%
with
60%
won't
60%
Yeah,
60%
you're
60%
alright)
40%
at
40%
Baby's
40%
blue
40%
but
40%
'Cause
40%
down
40%
faces
40%
feelin'
40%
friends?
40%
has
40%
haze,
40%
heat
40%
let
40%
let)
40%
never
40%
not
40%
painted
40%
pass
40%
Pass
40%
Right
40%
sandstorm
40%
stare
40%
stayin'
40%
talk
40%
through
40%
through,
40%
weren't
40%
Whatever
40%
while,
40%
you'd
40%
Aucun quiz correspondant
Distribution des résultats
% des personnes avec chaque résultat
Percentile par nombre de réponses
Votre historique - résultats
Vous n’avez pas pris ce quiz